| 000 | 01238cam a2200241 4500 | ||
|---|---|---|---|
| 008 | 030228n2003 000 0 eng u | ||
| 020 | _a0112711057 | ||
| 035 | _a(Sirsi) u121464 | ||
| 041 | _aeng | ||
| 110 |
_aDepartment for Education and Skills _94413 |
||
| 245 | _aAcoustic design of school buildings | ||
| 260 |
_aLondon _bDfES _c2003 |
||
| 490 |
_aDfES Building Bulletin _v93 |
||
| 520 | _aAims to provide a comprehensive guide to acoustics in the design of new school buildings. It gives the performance targets for compliance with the Building Regulations 2000 Approved Document E (2003 Edition) Requirement E4 that 'Each room or other space in a school building shall have the acoustic conditions and the insulation against disturbance by noise appropriate to its normal use'. View at www.teachernet.gov.uk/acoustics. | ||
| 650 | _aBUILT ENVIRONMENT-CONSTRUCTION DESIGN-ACOUSTICS | ||
| 650 | _aBUILDING REGULATIONS 2000 APPROVED DOCUMENT E (2003 EDITION) | ||
| 650 | _aCLASSROOMS | ||
| 650 | _aSCHOOL BUILDINGS | ||
| 650 | _aSCHOOLS | ||
| 690 | _aBUILT ENVIRONMENT-CONSTRUCTION DESIGN | ||
| 856 |
_uhttps://www.teachernet.gov.uk/accoustics _zView the Teachernet acoustic design of schools web page... |
||
| 942 | _n0 | ||
| 999 |
_c102669 _d102669 |
||